UBT Library

Umm El Madayan : (Record no. 43847)

000 -LEADER
fixed length control field 00840cam a2200241 a 4500
001 - CONTROL NUMBER
control field 2994732
005 - DATE AND TIME OF LATEST TRANSACTION
control field 20180301081543.0
008 - FIXED-LENGTH DATA ELEMENTS--GENERAL INFORMATION
fixed length control field 930301s1994 maua j 001 0 eng
010 ## - LIBRARY OF CONGRESS CONTROL NUMBER
LC control number 93000757
020 ## - INTERNATIONAL STANDARD BOOK NUMBER
International Standard Book Number 0395659671 :
Terms of availability $16.95
040 ## - CATALOGING SOURCE
Original cataloging agency DLC
Transcribing agency DLC
Modifying agency DLC
041 1# - LANGUAGE CODE
Language code of text/sound track or separate title eng
042 ## - AUTHENTICATION CODE
Authentication code lcac
043 ## - GEOGRAPHIC AREA CODE
Geographic area code ff-----
080 ## - UNIVERSAL DECIMAL CLASSIFICATION NUMBER
Universal Decimal Classification number 961 JAM
082 00 - DEWEY DECIMAL CLASSIFICATION NUMBER
Classification number 961 JAM
Edition number 20
100 ## - Rafti
Rafti 24
101 ## - Shkurtesa
Shkurtesa TEO
245 10 - TITLE STATEMENT
Title Umm El Madayan :
Statement of responsibility, etc Abderrahman Ayoub ... [et al.] ; illustrated by Francesco Corni ; translated by Kathleen Leverich.
906 ## - LOCAL DATA ELEMENT F, LDF (RLIN)
a 7
b cbc
c orignew
d 1
e ocip
f 19
g y-gencatlg
942 ## - ADDED ENTRY ELEMENTS (KOHA)
Source of classification or shelving scheme
Item type Books
Holdings
Withdrawn status Lost status Source of classification or shelving scheme Damaged status Not for loan Collection code Permanent location Current location Shelving location Date acquired Total Checkouts Full call number Barcode Date last seen Price effective from Koha item type
          Koleksioni i përgjithshem UBT - Lipjan UBT - Lipjan Koleksioni i përgjithshem 03/01/2018   961 JAM 002-3000391 03/01/2018 03/01/2018 Books
UBT Library © 2015-2024. All rights reserved University Education for Business and Technology